Statistics for Daily Country Riddle #95

Click here to take the quiz!

General Stats

  • This quiz has been taken 94 times
  • The average score is 12 of 15

Answer Stats

TypeAnswer% Correct
Found LetterA
96%
Found LetterI
94%
Found LetterL
91%
Correctly Placed LetterA
89%
Correctly Placed LetterI
86%
Found LetterO
80%
Found LetterB
77%
Correctly Placed LetterO
75%
Found LetterI
73%
Correctly Placed LetterL
70%
Correctly Placed LetterB
69%
Found LetterV
68%
Correctly Placed LetterI
67%
Mystery CountryBolivia
64%
Correctly Placed LetterV
64%

Score Distribution

Percentile by Number Answered

Percent of People with Each Score

Your Score History

You have not taken this quiz